Código procesal civil y comercial de la nación y normas complementarias (Registro nro. 3466)

Detalles MARC
000 -LEADER
fixed length control field 00781 a2200241 4500
001 - CONTROL NUMBER
control field 41323
005 - DATE AND TIME OF LATEST TRANSACTION
control field 20260407155707.0
008 - FIXED-LENGTH DATA ELEMENTS--GENERAL INFORMATION
fixed length control field 260407a1983 arg spa d
003 - CONTROL NUMBER IDENTIFIER
control field AR-UNSa-BCEJYS
040 ## - CATALOGING SOURCE
Original cataloging agency AR-UNSa-BCEJYS
Language of cataloging spa
Transcribing agency AR-UNSa-BCEJYS
080 ## - UNIVERSAL DECIMAL CLASSIFICATION NUMBER
Universal Decimal Classification number 347.91(094.4)
Common auxiliary subdivision Código Procesal Civil y Comercial
020 ## - INTERNATIONAL STANDARD BOOK NUMBER
International Standard Book Number 950-14-0109-X
041 ## - LANGUAGE CODE
Language code of text/sound track or separate title spa
100 1# - MAIN ENTRY--PERSONAL NAME
Personal name Palma, Jorge Francisco
245 10 - TITLE STATEMENT
Title Código procesal civil y comercial de la nación y normas complementarias
264 #1 - PRODUCTION, PUBLICATION, DISTRIBUTION, MANUFACTURE, AND COPYRIGHT NOTICE
Place of production, publication, distribution, manufacture Buenos Aires :
Name of producer, publisher, distributor, manufacturer Ediciones Depalma
Date of production, publication, distribution, manufacture, or copyright notice 1983
300 ## - PHYSICAL DESCRIPTION
Extent 2 v.
Dimensions 23 cm.
505 ## - FORMATTED CONTENTS NOTE
Formatted contents note Tomo I: Artículos 1 a 318
590 ## - LOCAL NOTE (RLIN)
Local note niveau_biblio:m niveau_hierar:0
700 1# - ADDED ENTRY--PERSONAL NAME
Personal name Serantes Peña, Oscar Enrique
700 1# - ADDED ENTRY--PERSONAL NAME
Personal name Argentina (Código Procesal Civil y Comercial)
942 ## - ADDED ENTRY ELEMENTS (KOHA)
Koha item type
Existencias
Withdrawn status Lost status Damaged status Not for loan Home library Current library Shelving location Date acquired Total checkouts Full call number Barcode Date last seen Price effective from Koha item type
        Biblioteca Prof. Eusebio Cleto del Rey Biblioteca Prof. Eusebio Cleto del Rey   07/04/2026   347.91(094.4) S481 v.1 L119046 07/04/2026 07/04/2026 Libro